Statistics for Countries Most Similar To Syria

Click here to take the quiz!

General Stats

  • This quiz has been taken 56 times
  • The average score is 17 of 20

Answer Stats

RankCountryScore% Correct
2Egypt80.3
100%
3Iraq79.1
98%
1Jordan80.4
98%
12Iran70.2
91%
10Lebanon71.1
89%
11Saudi Arabia70.9
89%
18UAE65.9
89%
7Libya74
86%
8Morocco73
86%
20Turkey64
86%
5Algeria75.3
84%
4Palestine77.5
84%
19Bahrain64.7
82%
13Kuwait68
82%
14Oman67.9
82%
17Qatar65.9
82%
6Tunisia75.3
82%
9Yemen72.2
82%
15Sudan67.5
66%
16Mauritania67.4
48%

Score Distribution

Percentile by Number Answered

Percent of People with Each Score

Your Score History

You have not taken this quiz